<?xml version="1.0" encoding="UTF-8"?>
<record
    xmlns:xsi="http://www.w3.org/2001/XMLSchema-instance"
    xsi:schemaLocation="http://www.loc.gov/MARC21/slim http://www.loc.gov/standards/marcxml/schema/MARC21slim.xsd"
    xmlns="http://www.loc.gov/MARC21/slim">

  <leader>01045nam0a2200253   4500</leader>
  <controlfield tag="001">RU\NLR\BIBL_A\012561047</controlfield>
  <controlfield tag="005">20260405103837.0</controlfield>
  <datafield tag="010" ind1=" " ind2=" ">
    <subfield code="a">5-7670-0703-9</subfield>
    <subfield code="9">4000</subfield>
  </datafield>
  <datafield tag="035" ind1=" " ind2=" ">
    <subfield code="a">(NLR Aleph) 012561047</subfield>
  </datafield>
  <datafield tag="090" ind1=" " ind2=" ">
    <subfield code="a">13304789</subfield>
    <subfield code="c">13304789</subfield>
  </datafield>
  <datafield tag="100" ind1=" " ind2=" ">
    <subfield code="a">20210708d1993    |||y0rusy50      ca</subfield>
  </datafield>
  <datafield tag="101" ind1="0" ind2=" ">
    <subfield code="a">chv</subfield>
  </datafield>
  <datafield tag="102" ind1=" " ind2=" ">
    <subfield code="a">RU</subfield>
  </datafield>
  <datafield tag="105" ind1=" " ind2=" ">
    <subfield code="a">y   z   000 y</subfield>
  </datafield>
  <datafield tag="200" ind1="1" ind2=" ">
    <subfield code="a">&#x423;&#x43B;&#x103;&#x43F; &#x445;&#x430;&#x43B;&#x430;&#x43F;&#x11B;&#x441;&#x435;&#x43C;</subfield>
    <subfield code="f">&#x413;. &#x424;. &#x42E;&#x43C;&#x430;&#x440;&#x442; &#x43F;&#x443;&#x445;&#x441;&#x430; &#x445;&#x430;</subfield>
    <subfield code="g">&#x427;&#x103;&#x432;&#x430;&#x448; &#x420;&#x435;&#x441;&#x43F;. &#x41C;&#x438;&#x43D;-&#x441;&#x435;&#x43D; &#x421;&#x43E;&#x432;&#x435;&#x447;&#x11B; &#xE7;&#x443;&#x43C;&#x435;&#x43D;&#x447;&#x438; &#x425;&#x438;&#x441;&#x435;&#x43F; &#x43F;&#x430;&#x43B;&#x43B;&#x438;" &#x43E;&#x440;&#x434;&#x435;&#x43D;&#x43B;&#x103; &#x447;&#x11B;&#x43B;&#x445;&#x435;, &#x43B;&#x438;&#x442;&#x435;&#x440;&#x430;&#x442;&#x443;&#x440;&#x430;, &#x438;&#x441;&#x442;&#x43E;&#x440;&#x438; &#x442;&#x430;&#x442;&#x430; &#x44D;&#x43A;&#x43E;&#x43D;&#x43E;&#x43C;&#x438;&#x43A;&#x430; &#x43D;&#x430;&#x443;&#x43A;&#x430; &#x442;&#x11B;&#x43F;&#x447;&#x435;&#x432; &#x438;&#x43D;-&#x447;&#x11B;</subfield>
  </datafield>
  <datafield tag="210" ind1=" " ind2=" ">
    <subfield code="a">&#x428;&#x443;&#x43F;&#x430;&#x448;&#x43A;&#x430;&#x440;</subfield>
    <subfield code="c">&#x427;&#x1CE;&#x432;&#x430;&#x448; &#x43A;&#x11B;&#x43D;&#x435;&#x43A;&#x435; &#x438;&#x437;&#x432;-&#x432;&#x438;</subfield>
    <subfield code="d">1993</subfield>
  </datafield>
  <datafield tag="215" ind1=" " ind2=" ">
    <subfield code="a">283,[1] &#x441;.</subfield>
    <subfield code="d">21</subfield>
  </datafield>
  <datafield tag="541" ind1="1" ind2=" ">
    <subfield code="a">&#x421;&#x43A;&#x430;&#x437;&#x430;&#x43D;&#x438;&#x435; &#x43E;&#x431; &#x443;&#x43B;&#x44B;&#x43F;&#x430;&#x445;</subfield>
    <subfield code="z">rus</subfield>
  </datafield>
  <datafield tag="686" ind1="1" ind2=" ">
    <subfield code="a">&#x428;3(251.1=&#x427;&#x443;&#x432;.)-615</subfield>
  </datafield>
  <datafield tag="702" ind1=" " ind2="1">
    <subfield code="4">220</subfield>
    <subfield code="8">rus</subfield>
    <subfield code="7">ca</subfield>
    <subfield code="a">&#x42E;&#x43C;&#x430;&#x440;&#x442;</subfield>
    <subfield code="b">&#x413;. &#x424;.</subfield>
    <subfield code="f">1938-</subfield>
    <subfield code="g">&#x413;&#x435;&#x43D;&#x43D;&#x430;&#x434;&#x438;&#x439; &#x424;&#x435;&#x434;&#x43E;&#x440;&#x43E;&#x432;&#x438;&#x447;</subfield>
    <subfield code="3">RU\NLR\AUTH\7739428</subfield>
    <subfield code="9">22412</subfield>
  </datafield>
  <datafield tag="852" ind1=" " ind2=" ">
    <subfield code="a">NLR</subfield>
    <subfield code="b">&#x41E;&#x41D;&#x41B;</subfield>
    <subfield code="j">&#x427;&#x443;&#x432;./3-3539</subfield>
  </datafield>
  <datafield tag="942" ind1=" " ind2=" ">
    <subfield code="c">BOOK</subfield>
  </datafield>
  <datafield tag="980" ind1=" " ind2=" ">
    <subfield code="a">NB</subfield>
  </datafield>
  <datafield tag="995" ind1=" " ind2=" ">
    <subfield code="5">2021-07-08</subfield>
    <subfield code="b">NLR01</subfield>
    <subfield code="c">NLR01</subfield>
    <subfield code="e">ONL</subfield>
    <subfield code="f">1-3000781</subfield>
    <subfield code="k">&#x41E;&#x41D;&#x41B; &#x427;&#x443;&#x432;./3-3539</subfield>
    <subfield code="o">0</subfield>
    <subfield code="r">BOOK</subfield>
    <subfield code="s">_33539</subfield>
  </datafield>
</record>
